| 000 | 00449cam a22001577a 4500 | ||
|---|---|---|---|
| 008 | 180718b1998 xxu||||| |||| 00| 0 eng d | ||
| 020 | _a8170334689 | ||
| 082 | _aB12431x54 Ag15 | ||
| 100 | _aAgarwalla, Shyam Sundar | ||
| 245 |
_aReligion and caste politics _cby Shyam Sundar Agarwalla |
||
| 260 |
_aJaipur _bRawat _c1998 |
||
| 300 | _a308p. | ||
| 650 | _aCaste - Religious aspects | ||
| 650 | _aCommunalism - India | ||
| 650 | _aSecularism - India | ||
| 999 |
_c388659 _d388659 |
||